[Event "GER-chT10 LJ-22 Br03 email"]
[Site "GER email"]
[Date "2013.10.04"]
[Round "?"]
[White "Rosenheim, Klaus"]
[Black "Kruschinski, Dirk"]
[Result "0-1"]
[WhiteElo "2162"]
[BlackElo "2192"]
[PlyCount "156"]
[EventDate "2013.10.15"]
[EventType "tourn (corr)"]
[EventRounds "8"]
[EventCountry "GER"]
[SourceTitle "Corr 2020"]
[Source "ChessBase"]
[SourceDate "2019.09.30"]
[SourceVersion "1"]
[SourceVersionDate "2019.09.30"]
[SourceQuality "1"]

1. c4 e5 2. g3 Nf6 3. Bg2 Nc6 4. Nf3 Bc5 5. Nc3 d6 6. e3 0-0 7. 0-0 Bb6 8. d4 Re8 9. d5 Ne7 10. e4 h6 11. Qd3 c6 12. b3 a6 13. Ba3 cxd5 14. cxd5 Ba7 15. Ne1 Bg4 16. Nc2 Rc8 17. Rac1 b5 18. Nd1 Bh5 19. Nde3 Bg6 20. Kh1 Qd7 21. f3 Nh5 22. Qd2 f5 23. Bh3 Nf6 24. Bb4 Bb6 25. Ba3 Bh7 26. Qe2 Rc7 27. Rcd1 Rec8 28. Ne1 g5 29. Nd3 g4 30. Bg2 gxf3 31. Qxf3 Bd4 32. g4 f4 33. Nf5 Nxf5 34. gxf5 a5 35. Nxf4 b4 36. Qg3+ Qg7 37. Qxg7+ Rxg7 38. Bc1 Rc2 39. Bf3 Ng4 40. Bxg4 Rxg4 41. Rd3 Kf7 42. h3 Rh4 43. Ne6 Rxe4 44. Rg3 Rh4 45. Rg7+ Kf6 46. Nxd4 Rxh3+ 47. Kg1 Rxc1 48. Rxc1 Kxg7 49. Nb5 Kf6 50. Nxd6 Rd3 51. Rc5 Bg8 52. Rxa5 Bxd5 53. Kf2 h5 54. Ke2 Rd4 55. Ra6 Rh4 56. Ke3 Rh3+ 57. Kd2 h4 58. Ra5 Bg2 59. Ra7 e4 60. Ke1 e3 61. Ke2 Ke5 62. Nc4+ Kf4 63. Re7 Be4 64. f6 Rh2+ 65. Ke1 Rh1+ 66. Ke2 Bf3+ 67. Kd3 Rd1+ 68. Kc2 Rd8 69. Rxe3 h3 70. Re1 h2 71. Kb2 h1Q 72. Rxh1 Bxh1 73. a3 bxa3+ 74. Kxa3 Bd5 75. Nb2 Ke4 76. Na4 Kd4 77. Nb6 Bxb3 78. Kxb3 Rb8 0-1

[Event "GER-chT10 LJ-22 Br03 email"]
[Site "GER email"]
[Date "2013.10.04"]
[Round "?"]
[White "Rosenheim, Klaus"]
[Black "Ripper, Manfred"]
[Result "1/2-1/2"]
[WhiteElo "2162"]
[BlackElo "2105"]
[PlyCount "29"]
[EventDate "2013.10.15"]
[EventType "tourn (corr)"]
[EventRounds "8"]
[EventCountry "GER"]
[SourceTitle "Corr 2020"]
[Source "ChessBase"]
[SourceDate "2019.09.30"]
[SourceVersion "1"]
[SourceVersionDate "2019.09.30"]
[SourceQuality "1"]

1. c4 Nf6 2. Nf3 e6 3. Nc3 d5 4. e3 c6 5. b3 Nbd7 6. Bb2 Bd6 7. Qc2 0-0 8. h3 Re8 9. g4 e5 10. cxd5 Nxd5 11. Ne4 Nb4 12. Qc3 Nd5 13. Qc2 Nb4 14. Qc3 Nd5 15. Qc2 1/2-1/2

[Event "GER-chT9 LI-21 Br03 email"]
[Site "GER email"]
[Date "2011.10.17"]
[Round "?"]
[White "Rosenheim, Klaus"]
[Black "Wolff, Christoph"]
[Result "1/2-1/2"]
[WhiteElo "2151"]
[BlackElo "2023"]
[PlyCount "86"]
[EventDate "2011.10.23"]
[EventType "tourn (corr)"]
[EventRounds "9"]
[EventCountry "GER"]
[SourceTitle "Corr 2015"]
[Source "ChessBase"]
[SourceDate "2015.07.17"]
[SourceVersion "1"]
[SourceVersionDate "2015.07.17"]
[SourceQuality "1"]

1. e4 c5 2. Nf3 e6 3. d4 cxd4 4. Nxd4 Nf6 5. Nc3 d6 6. g4 h6 7. h4 Nc6 8. Rg1 d5 9. exd5 Nxd5 10. Nxd5 Qxd5 11. Bg2 Qe5+ 12. Be3 Bd7 13. Qd2 Nxd4 14. Qxd4 Qxd4 15. Bxd4 Rc8 16. 0-0-0 b6 17. Rd2 f6 18. Be4 Bb4 19. c3 e5 20. Bc2 exd4 21. cxb4 h5 22. Kb1 hxg4 23. Rxd4 Be6 24. Bg6+ Kf8 25. h5 Bf7 26. Rdxg4 Bxg6+ 27. hxg6 Rh2 28. Rd4 Rxf2 29. Rd7 Rcc2 30. Rxa7 Rxb2+ 31. Ka1 f5 32. Rh1 Rh2 33. Rf7+ Ke8 34. Rxh2 Rxh2 35. Rxg7 Rg2 36. a3 f4 37. Rf7 Rxg6 38. Rxf4 Kd7 39. Kb2 b5 40. Rf5 Rg2+ 41. Kc3 Rg3+ 42. Kd4 Rxa3 43. Ke4 Kc6 1/2-1/2

[Event "GER-chT LG-23 email"]
[Site "GER email"]
[Date "2007.10.25"]
[Round "?"]
[White "Ripper, Manfred"]
[Black "Rosenheim, Klaus"]
[Result "1/2-1/2"]
[WhiteElo "2000"]
[BlackElo "2000"]
[PlyCount "48"]
[EventDate "2007.??.??"]
[EventType "tourn (corr)"]
[EventRounds "8"]
[EventCountry "GER"]
[SourceTitle "Corr 2011"]
[Source "ChessBase"]
[SourceDate "2010.08.31"]
[SourceVersion "1"]
[SourceVersionDate "2010.08.31"]
[SourceQuality "1"]

1. e4 e5 2. Nf3 Nc6 3. d4 exd4 4. Nxd4 Bc5 5. Be3 Qf6 6. c3 Nge7 7. Bc4 0-0 8. 0-0 b6 9. f4 d5 10. exd5 Na5 11. Bd3 Bb7 12. Nc2 Nxd5 13. Bxc5 bxc5 14. Be4 Nxf4 15. Bxb7 Nxb7 16. Qf3 g5 17. h4 h6 18. Nd2 Rae8 19. hxg5 hxg5 20. Rae1 Nd6 21. g3 Ne2+ 22. Kg2 Qg6 23. Ne3 Nf4+ 24. gxf4 gxf4+ 1/2-1/2

[Event "GER-chT LG-23 email"]
[Site "GER email"]
[Date "2007.10.25"]
[Round "?"]
[White "Rosenheim, Klaus"]
[Black "Vossenkuhl, Joachim"]
[Result "1/2-1/2"]
[WhiteElo "2000"]
[BlackElo "2049"]
[PlyCount "97"]
[EventDate "2007.??.??"]
[EventType "tourn (corr)"]
[EventRounds "8"]
[EventCountry "GER"]
[SourceTitle "Corr 2011"]
[Source "ChessBase"]
[SourceDate "2010.08.31"]
[SourceVersion "1"]
[SourceVersionDate "2010.08.31"]
[SourceQuality "1"]

1. d4 d5 2. c4 e6 3. Nc3 Be7 4. cxd5 exd5 5. Bf4 c6 6. Qc2 Bd6 7. Bxd6 Qxd6 8. e3 Ne7 9. Bd3 b6 10. Nf3 Ba6 11. 0-0 Bxd3 12. Qxd3 0-0 13. e4 Nd7 14. Rfe1 Rfe8 15. Rad1 dxe4 16. Nxe4 Qc7 17. Neg5 Nf6 18. Ne5 h6 19. Ngxf7 Rf8 20. Nxh6+ gxh6 21. Qg3+ Kh7 22. Ng6 Qxg3 23. Nxf8+ Rxf8 24. fxg3 Nfg8 25. Re6 Rd8 26. Rf1 Kg7 27. Rf4 Rd5 28. g4 Ng6 29. Rf5 Rd7 30. g5 h5 31. Rf1 N8e7 32. Rfe1 Nf5 33. Rxc6 Nxd4 34. Rf6 Rd5 35. Re4 Ne5 36. h3 b5 37. b4 Ndc6 38. Kh2 a6 39. Kg3 Nxb4 40. Kh4 a5 41. Kxh5 Nbc6 42. Re2 Rc5 43. Ref2 b4 44. Rf8 a4 45. Rc8 Nf7 46. h4 Nfe5 47. Rc7+ Kg8 48. Rf6 Rb5 49. Rfxc6 1/2-1/2

[Event "GER-chT2 LF-21 B4 email"]
[Site "GER email"]
[Date "2007.??.??"]
[Round "?"]
[White "Haubner, Markus"]
[Black "Rosenheim, Klaus"]
[Result "1/2-1/2"]
[WhiteElo "2289"]
[BlackElo "2164"]
[PlyCount "53"]
[EventDate "2007.??.??"]
[EventType "team (corr)"]
[EventRounds "9"]
[EventCountry "GER"]
[SourceTitle "Corr 2008"]
[Source "ChessBase"]
[SourceDate "2008.06.24"]
[SourceVersion "1"]
[SourceVersionDate "2008.06.24"]
[SourceQuality "1"]

1. d4 d5 2. c4 dxc4 3. e3 Nf6 4. Bxc4 e6 5. Nf3 c5 6. 0-0 a6 7. Bd3 b6 8. dxc5 Bxc5 9. a3 Bb7 10. Qe2 Be7 11. b4 0-0 12. Bb2 Nbd7 13. Nbd2 a5 14. bxa5 Rxa5 15. Bb5 Nc5 16. a4 Bd5 17. Ne5 Qc7 18. Rfc1 Rc8 19. Nd3 Raa8 20. Nxc5 Bxc5 21. Ba6 Rd8 22. a5 bxa5 23. Bd3 Qe7 24. Bxf6 Qxf6 25. Ne4 Bxe4 26. Bxe4 Rac8 27. Rxa5 1/2-1/2

[Event "GER-chT2 LF-21 B4 email"]
[Site "GER email"]
[Date "2007.??.??"]
[Round "?"]
[White "Methling, Ludger"]
[Black "Rosenheim, Klaus"]
[Result "1/2-1/2"]
[WhiteElo "2216"]
[BlackElo "2164"]
[PlyCount "51"]
[EventDate "2007.??.??"]
[EventType "team (corr)"]
[EventRounds "9"]
[EventCountry "GER"]
[SourceTitle "Corr 2008"]
[Source "ChessBase"]
[SourceDate "2008.06.24"]
[SourceVersion "1"]
[SourceVersionDate "2008.06.24"]
[SourceQuality "1"]

1. d4 d5 2. c4 dxc4 3. e3 Nf6 4. Bxc4 e6 5. Nf3 c5 6. Qe2 a6 7. dxc5 Bxc5 8. 0-0 Nc6 9. e4 b5 10. Bb3 Nd4 11. Nxd4 Qxd4 12. Be3 Qxe4 13. Nd2 Qf5 14. Bxc5 Qxc5 15. Ne4 Nxe4 16. Qxe4 Rb8 17. Rac1 Qa7 18. Rc3 0-0 19. Rh3 h6 20. Qe5 Rb7 21. Rg3 f6 22. Bxe6+ Kh8 23. Qd6 Re7 24. Bxc8 Rxc8 25. Ra3 a5 26. Rxa5 1/2-1/2